000 00396nam a22001337a 4500
008 131218b xxu||||| |||| 00| 0 eng d
050 _aSPC DT2925.D553
100 _aDickinson, R. W.
_95876
245 _aDiscovering Rhodesian history
260 _aSalisbury
_bLongman Rhodesia
_c1968
300 _aiv; 80p.
_c18cm
650 _aZimbabwe - History - Juvenile work
_95877
942 _2lcc
_cMONOGRAPH
999 _c119324
_d119324